000 00711nam a2200277Ia 4500
001 C0560
003 IT-RoPAU
008 130308s9999 xx 000 0 und d
040 _aIT-RoPAU
040 _cIT-RoPAU
041 _aITALIANO
100 _aFiori Patrizia
100 _gCodice Aut. SPICS: 40081
245 _aAbduzione e imputazione in storiografia
245 _bPeirce in Italia
250 _a1a ed.
260 _aNAPOLI
260 _bLiguori
260 _c1993 [1° Ed.:1993 - Ed.Ling.Originale:1993]
300 _a"12 p. (prefazione: no ; testo: 12 [pagine: 437-448])"
650 _aSEMIOLOGIA
650 _eCodice materia Spics: 3251
942 _cBK
957 _71
999 _c78124
_d78124
999 _g1